| 000 | 00647cam a2200133 4500500 | ||
|---|---|---|---|
| 005 | 20260111091247.0 | ||
| 041 | _afre | ||
| 042 | _adc | ||
| 245 | 0 | 0 | _aEstévez López E., El poder de una mujer creyente. Cuerpo, identidad y discipulado en Mc 5,24b-34. Un estudio desde las ciencias sociales, coll. Asociación bíblica Española 40, Estella, Verbo Divino, 2003, 24x16, 497 p. ISBN 84-8169-522-X |
| 260 | _c2005. | ||
| 500 | _a7 | ||
| 786 | 0 | _nNouvelle revue théologique | 127 | 4 | 2005-12-15 | p. 623l-630l | 0029-4845 | |
| 856 | 4 | 1 | _uhttps://shs.cairn.info/revue-nouvelle-revue-theologique-2005-4-page-623l?lang=fr&redirect-ssocas=7080 |
| 999 |
_c1620736 _d1620736 |
||